000 00930cam a22002651 4500
001 16425
003 BD-RjUL
005 20211209000016.0
008 140213s1946 nyuae 000 0 eng
035 _a(BD-RjUL)16480
035 _a(OCoLC)1161636
040 _aDLC
_cRUn
_dOCoLC
_dDLC
_dBD-RjUL
_beng
041 _aeng
082 _a711.6
_bSAN
100 1 _aSanders, S. E.
_q(Spencer Edward),
_d1905-
_950778
245 1 0 _aNew city patterns;
_bthe analysis of and a technique for urban reintegration /
_cS.E. Sanders [and] A.J. Rabuck.
260 _aNew York :
_bReinhold Publishing Corporation,
_c1946.
300 _a3 p. l., 197, [4] p. :
_billus., plans (part fold.) diagrs. (1 fold.) ;
_c29 cm.
500 _a"First edition."
650 0 _aCity planning
_zUnited States.
_949968
700 1 _aRabuck, A. J.
_q(Arthur Jacob),
_d1891-
_ejoint author.
_950779
942 _2ddc
_cBK
999 _c16425
_d16425